Một số tư liệu phương Tây mới phát hiện về chủ quyền lãnh thổ của Việt Nam trên các quần đảo Hoàng Sa-Trường Sa /

保存先:
書誌詳細
第一著者: Nguyễn Thừa Hỷ.
フォーマット: 論文
言語:Vietnamese
主題:
タグ: タグ追加
タグなし, このレコードへの初めてのタグを付けませんか!
Thư viện lưu trữ: Thư viện Trường Đại học Đà Lạt
LEADER 00853nam a2200253 4500
001 DLU170180047
005 ##20170602
040 # # |a DLU  |b vie 
041 # # |a vie 
044 # # |a vn 
100 # # |a Nguyễn Thừa Hỷ. 
245 # # |a Một số tư liệu phương Tây mới phát hiện về chủ quyền lãnh thổ của Việt Nam trên các quần đảo Hoàng Sa-Trường Sa /  |c Nguyễn Thừa Hỷ. 
653 # # |a Chủ quyền biển đảo 
653 # # |a Hoàng Sa-Trường Sa 
653 # # |a Tư liệu lịch sử 
773 # # |t Huế xưa & nay  |g Số 114, 2012, tr.19-22 
920 # # |a Phòng Tạp chí -- Trung tâm Thông tin - Thư viện Trường Đại học Đà Lạt 
900 # # |a True 
911 # # |a Nguyễn Thị Thu Phương 
925 # # |a G 
926 # # |a A 
927 # # |a BB 
980 # # |a Thư viện Trường Đại học Đà Lạt